Quizzes
Events
Quiz Creation
Community
Videos
Private Events
Remove Ads
Sign In
Join for FREE
Feedback
Dark Mode
Quiz Categories
Sports
Geography
Music
Movies
Television
Just For Fun
Miscellaneous
History
Literature
Language
Science
Gaming
Entertainment
Religion
Holiday
For Kids
Quiz Lab
Recent
Popular Today
Quiz Kudos Today
Editor Picks
Curator Picks
Quizzes by...
Day
Popularity
Type
Ratings
Length
Year
Community
Subscriptions
Recent Discussions
Orange Saloon
Badges
Playlists
Quests
Create
Leaderboards
Showdown
Live 5
Trivia Bingo
Activity
Puzzle Library
Sporcle Events
Private Events
Virtual Trivia
Globe League
Become a Host
Pub Owners
SporcleCon
Opinionation
Our Games
Videos
Blog
Mobile Apps
Partnerships
Remove Ads and Go Orange
Feedback
Television
TV Characters
TV Show
Sitcom
Network
Friends
Reality Shows
Cast
South Park
Star Trek
The Simpsons
Doctor Who
Television
TV Characters
TV Show
Sitcom
Network
Friends
Reality Shows
Cast
South Park
Star Trek
The Simpsons
Doctor Who
Random Quiz
Search Sporcle
×
Quiz Lab
Quiz Lab
Television
TV Show
Click on answers out of a set of options
Click on answers out of a set of options
Multiple Choice
Best Score? Go Orange.
The Wire Epigraphs S03 Stats
Can you match the epigraph from the third season of The Wire to the character whose line it was?
By
ALC2431
90s
12 Questions
235 Plays
235 Plays
235 Plays
Comments
Comments
Give Quiz Kudos
Give Quiz Kudos
-
- Ratings
hide this ad
Random Order
Randomize order of answers
Randomize order of answers
Replay
Link that replays current quiz
Next Quiz
Link to next quiz in quiz playlist
You Got
0%
They Got
Avg Score
82%
Avg Friend Score
Upgrade to see
Score Distribution
Jump to the score distribution portion of the page
Score
0/12
Timer
01:30
0
Plays Today
Question
Answer
Wrong Answers
S03E02 All Due Respect
“There's never been a paper bag...”
Colvin
90.2%
Bubbles
9.8%
S03E06 Homecoming
“Just a gangster, I suppose.”
Avon Barksdale
89.4%
Marlo Stanfield
8.9%
S03E09 Slapstick
“...while you're waiting for moments that never come.”
Freamon
87.2%
Greggs
8.5%
S03E03 Dead Soldiers
“The gods will not save you.”
Burrell
86.8%
Royce
13.2%
S03E07 Back Burners
“Conscience do cost.”
Butchie
86.8%
Bunk
10.2%
S03E10 Reformation
“Call it a crisis of leadership.”
Proposition Joe
85.5%
Brother Mouzone
9.4%
S03E05 Straight and True
“I had such ****' hopes for us.”
McNulty
85.5%
Stringer Bell
13.6%
S03E01 Time After Time
“Don't matter how many times you get burnt, you just keep doin' the same.”
Bodie
84.7%
Stringer Bell
15.3%
S03E11 Middle Ground
“We ain't gotta dream no more, man.”
Stringer Bell
81.3%
Avon Barksdale
12.8%
S03E12 Mission Accomplished
“...we fight on that lie.”
Slim Charles
80.9%
Freamon
13.2%
S03E08 Moral Midgetry
“Crawl, walk, and then run.”
Clay Davis
75.7%
Tommy Carcetti
20.9%
S03E04 Hamsterdam
“Why you got to go and **** with the program?”
Fruit
60.9%
Slim Charles
38.7%
Quiz Playlist
Details
Report
Send in Message
Add To Playlist
Multiple Choice:
Click on answers out of a set of options
Random Order:
Randomize order of answers
Quiz Source
Last Updated: Jul 23, 2017
Quiz Scoreboard
CHALLENGE
Sign Up to Join the Scoreboard
Show All
Scores
Hide
Comments
May contain spoilers
Recently Published
College Basketball Coaching Resumes
by pancakes188
Sports
9m
Billboard Blitz: Fleetwood Mac
by CooCooCachoo
Music
15s
Presidents Visiting Landmarks
by Hejman
History
7m
More to Explore
Quiz From the Vault
Featured Blog Post
Where Did the Easter Bunny Come From?
hide this ad
You Might Also Like...
Tags
Quote Quiz
TV Show Quiz
hbo
HBO Original
The Wire
TV Episodes
TV Quotes
Today's Top Quizzes in Television
Browse Television
hide this ad
Today's Top Quizzes in TV Show
Browse TV Show
Top Contributed Quizzes in Television
1
5-to-1: The Simpsons Families
2
5-to-1: Television Doctors
3
7-to-1: TV Show Settings
4
5-to-1: Streaming Originals
5
One Piece Logic Puzzle
6
Survivor Seasons
7
Survivor Logic Puzzle: Heroes vs. Villains
8
All US Survivor Seasons in Order
9
TV Shows by First Names
10
Survivor Season by Logo
Explore More
Trending Topics
Harry Potter
Disney
Kpop
Marvel
Anime
NBA
Crossword
Song
Pokémon
Puzzle
NFL
WWE
Country
The Office
Soccer
hide this ad
More By:
ALC2431
Quiz
Plays
Rating
Category
Featured
Created
FIFA World Cup Top 20
6,798
4.42
Sports
Jul 16, 2017
10-to-1 World Cup Performance
4,952
4.48
Sports
Jul 3, 2017
Criteria National Football Teams
3,475
5.00
Sports
Jun 26, 2017
7-to-1 Premier League
2,525
5.00
Sports
Jul 21, 2017
No World Cup For You
1,993
4.92
Sports
Jun 28, 2017
Go to Creator's Profile
Score Distribution
Quiz Creator Spotlight
ALC2431
Follow
Send a Message
Quizzes Created
-
Created Quiz Play Count
-
More By This Creator
Popular Quizzes Today
1
Find the US States - No Outlines Minefield
2
Find the Countries of Europe - No Outlines Minefield
3
The Countries of the World
4
Find the US States
5
Risky Map Clicking: Biggest States A-Z
6
US States
7
Popular People in 1961
8
Movies - When Are They Set?
More Television Quizzes
'The Good Place' Start to Finish (Season 2)
Quiz Lab
Trending Quizzes
Risky Map Clicking: Least Populous States A-Z
1-10 Letter G Words
1-10 Letter F Words
Risky Map Clicking: Next State Alphabetically
Click the Washington State Counties! (Map)
Recently Updated
Leaping Animals
pecheneg
Reality TV Shows (A-Z)
bhenderson79
Rickey Henderson's Hall of Fame Teammates
pecheneg
Champions League XIs: Arsenal
pecheneg
Quick Pick: Celebrities in WWE's Hall of Fame
aduchscher
A-Z Keypad Blitz II
pecheneg
Multiple Oscar Actors
pecheneg
Mystery Phrase Blitz: Oscar 'Best Actors'
pecheneg
F. Scott Fitzgerald Novels
LTH
Pick 3 Villains
ddd62291
Trending Topics
NBA
Marvel
Disney
Harry Potter
Crossword
Kpop
Anime
Puzzle
Song
WWE
Soccer
Country
NFL
Pokémon
The Office
Your Account Isn't Verified!
In order to create a playlist on Sporcle, you need to verify the email address you used during registration. Go to your
Sporcle Settings
to finish the process.
Report this User
Report this user for behavior that violates our
Community Guidelines
.
Details:
Send Report
Go to the Sporcle.com Mobile Site →
Comments